| 000 | 01047pam a2200289 a 4500 | ||
|---|---|---|---|
| 001 | 1462464 | ||
| 005 | 20221031121747.0 | ||
| 008 | 861029s1987 enkbf b 001 0 eng | ||
| 010 | _a 86028544 | ||
| 020 | _a9780198221685 | ||
| 040 |
_aDLC _cDLC _dDLC |
||
| 043 | _aa-ja--- | ||
| 050 | 0 | 0 |
_aDS885.48 _b.B43 1987 |
| 082 | 0 | 0 |
_a952.03 _bBEA |
| 100 | 1 |
_aBeasley, W. G. _q(William G.), _d1919-2006. _9101938 |
|
| 245 | 1 | 0 |
_aJapanese imperialism, 1894-1945 / _cW.G. Beasley. |
| 260 |
_aOxford [Oxfordshire] : _bClarendon Press ; _aNew York : _bOxford University Press, _c1987. |
||
| 300 |
_aviii, 279 p., [3] p. of plates : _bmaps ; _c23 cm. |
||
| 500 | _aIncludes index. | ||
| 504 | _aBibliography: p. [259]-269. | ||
| 650 | 0 |
_aImperialism. _949704 |
|
| 651 | 0 |
_aJapan _xForeign relations _y20th century. _9101939 |
|
| 651 | 0 |
_aJapan _xHistory _y20th century. _9101940 |
|
| 856 | 4 | 2 |
_3Publisher description _uhttp://www.loc.gov/catdir/enhancements/fy0640/86028544-d.html |
| 906 |
_a7 _bcbc _corignew _d1 _eocip _f19 _gy-gencatlg |
||
| 942 |
_2ddc _cBK |
||
| 999 |
_c592151 _d592151 |
||